Statistics for Undertale Soundtrack Quiz

Click here to take the quiz!

General Stats

  • This quiz has been taken 38 times
  • The average score is 62 of 101

Answer Stats

Song% Correct
Fallen Down
96%
MEGALOVANIA
96%
Bonetrousle
92%
Death By Glamour
92%
Ruins
92%
sans.
92%
Your Best Friend
92%
Spider Dance
88%
ASGORE
83%
Battle Against A True Hero
83%
Once Upon A Time
83%
Spear Of Justice
83%
Alphys
79%
Heartache
79%
Home
79%
Nyeh Heh Heh!
79%
Waterfall
79%
Another Medium
75%
Enemy Approaching
75%
Ghost Fight
75%
Hopes And Dreams
75%
Metal Crusher
75%
Snowdin Town
75%
Your Best Nightmare
75%
CORE
71%
Determination
71%
It's Showtime!
71%
Shop
71%
Start Menu
71%
Undertale
71%
Dating Fight!
67%
Dating Start!
67%
Dummy!
67%
Home (Music Box)
67%
It's Raining Somewhere Else
67%
Snowy
67%
Thundersnail
67%
Undyne
67%
Dating Tense!
63%
Dogsong
63%
Good Night
63%
NGAHHH!!
63%
Quiet Water
63%
Spooktune
63%
Tem Shop
63%
Anticipation
58%
Bergentrückung
58%
Bird That Carries You Over A Disproportionately Small Gap
58%
Death Report
58%
Dogbass
58%
Hotel
58%
Memory
58%
SAVE The World
58%
Spookwave
58%
Stronger Monsters
58%
Temmie Village
58%
Unnecessary Tension
58%
Uwa!! So Temperate♫
58%
Bring It In, Guys!
54%
Can You Really Call This A Hotel, I Didn't Receive A Mint On My Pillow Or Anything
54%
Chill
54%
CORE Approach
54%
Fallen Down (Reprise)
54%
Finale
54%
His Theme
54%
Live Report
54%
Long Elevator
54%
Power Of "NEO"
54%
Run!
54%
Uwa!! So HEATS!!♫
54%
Uwa!! So Holiday♫
54%
Wrong Enemy !?
54%
Amalgam
50%
For The Fans
50%
Ghouliday
50%
Here We Are
50%
Mysterious Place
50%
Oh My...
50%
Premonition
50%
Song That Might Play When You Fight Sans
50%
Burn In Despair!
46%
Confession
46%
Danger Mystery
46%
Don't Give Up
46%
Oh! Dungeon
46%
Ooo
46%
Pathetic House
46%
An Ending
42%
Last Episode!
42%
Menu (Full)
42%
Oh! One True Love
42%
Reunited
42%
You Idiot
42%
But The Earth Refused To Die
38%
Final Power
38%
Last Goodbye
38%
Respite
38%
Barrier
33%
She's Playing Piano
33%
Small Shock
33%
The Choice
33%

Score Distribution

Percentile by Number Answered

Percent of People with Each Score

Your Score History

You have not taken this quiz